| Tag |
First Indicator |
Second Indicator |
Subfields |
| LEADER |
00000cam a2200000 a 4500 |
| 001 |
in00000006942 |
| 005 |
20151004070016.0 |
| 008 |
870518s1988 njua b 00110 eng |
| 010 |
|
|
|a 87013703
|
| 020 |
|
|
|a 0133145271 :
|c $21.50
|
| 035 |
|
|
|a (OCoLC)16005555
|
| 035 |
|
|
|9 AAA1403AM
|
| 040 |
|
|
|a DLC
|c DLC
|d TXA
|d UtOrBLW
|
| 049 |
|
|
|a TXAM
|c [A09165642]
|
| 050 |
0 |
0 |
|a TK5103.59
|b .P34 1988
|
| 100 |
1 |
|
|a Palais, Joseph C.
|
| 245 |
1 |
0 |
|a Fiber optic communications /
|c Joseph C. Palais.
|
| 250 |
|
|
|a 2nd ed.
|
| 264 |
|
1 |
|a Englewood Cliffs, NJ :
|b Prentice Hall,
|c [1988]
|
| 264 |
|
4 |
|c ©1988
|
| 300 |
|
|
|a xi, 291 pages :
|b illustrations ;
|c 25 cm.
|
| 336 |
|
|
|a text
|b txt
|2 rdacontent
|
| 337 |
|
|
|a unmediated
|b n
|2 rdamedia
|
| 338 |
|
|
|a volume
|b nc
|2 rdacarrier
|
| 504 |
|
|
|a Bibliography: pages 280-283.
|
| 500 |
|
|
|a Includes index.
|
| 650 |
|
0 |
|a Optical communications.
|
| 650 |
|
0 |
|a Fiber optics.
|
| 999 |
|
|
|a MARS
|
| 999 |
f |
f |
|s c83b76e5-1761-30c0-b1f2-bb0e4c144d30
|i 5f13391f-f280-3dc6-8262-048662283c91
|t 0
|
| 952 |
f |
f |
|p normal
|a Texas A&M University
|b College Station
|c Sterling C. Evans Library
|d Evans: Library Stacks
|t 0
|e TK5103.59 .P34 1988
|h Library of Congress classification
|i unmediated -- volume
|m A14809165642
|
| 998 |
f |
f |
|a TK5103.59 .P34 1988
|t 0
|l Evans: Library Stacks
|